Tre saggi sulla sessualita'

Salvato in:
Dettagli Bibliografici
Autore principale: Freud Sigmund
Natura: Libro
Lingua:lingua imprecisata
Pubblicazione: Roma Newton Compton 1993
Tags: Aggiungi Tag
Nessun Tag, puoi essere il primo ad aggiungerne!!

MARC

LEADER 00000nam a2200000Ia 4500
001 30
003 NUMERAZIONE-ORIGINALE-BRESCIA
005 20260206230747.0
008 260206s9999 xx 000 0 und d
100 |a Freud Sigmund 
245 0 |a Tre saggi sulla sessualita' 
260 |a Roma 
260 |b Newton Compton 
260 |c 1993 
942 |2 ddc  |c BK  |n 0 
952 |0 0  |1 0  |2 ddc  |4 0  |6 23  |7 0  |9 28208  |a BS  |b BS  |d 2026-02-06  |i 30  |l 0  |o 2-3-*  |r 2026-02-06 22:40:30  |w 2026-02-06  |x [REVISIONARE]  |y BK 
999 |c 23912  |d 23912